| 000 | 01006nam a22002415a 4500 | ||
|---|---|---|---|
| 003 | OSt | ||
| 005 | 20170313114253.0 | ||
| 008 | 160922s2011 ua frb 000 0 ara d | ||
| 015 | _a2011 / 10683 | ||
| 020 | _a9789770467591 | ||
| 040 |
_aEG-ScBUE _bara _cEG-ScBUE _dEG-ScBUE |
||
| 043 | _af-ua--- | ||
| 082 | 0 | 4 |
_a342.62 _bج و د _222 |
| 100 | 1 | _aجودة، صلاح أحمد السيد. | |
| 245 | 1 | 2 |
_aالشرعية الثورية وآثارها على النظام الدستوري المصري : _bدراسة لأحدث ثورة 25 يناير 2011 / _cتأليف صلاح أحمد السيد جودة. |
| 260 |
_aالقاهرة : _bدار النهضه العربية، _c2011. |
||
| 300 |
_a226 ص. ؛ _c24 سم. |
||
| 504 | _aيشتمل على إرجاعات ببليوجرافية. | ||
| 650 | 7 |
_2BUEsh _aالقانون الدستوري _zمصر. _941131 |
|
| 651 | 0 |
_2BUEsh _924497 _aمصر _xتاريخ _yثورة، 2011. _zثورة 25 يناير 2011 |
|
| 653 |
_bLLAAWW _cMarch2017 |
||
| 942 | _2ddc | ||
| 999 |
_c24402 _d24374 |
||